[Operácie v zahraničnom obchode. Teória a prax]
Recenzia na monografiu, ktorej cieľom je prezentácia problémov, ktorými musia exportéri a importéri čeliť v rámci zahraničnoobchodných operácií.
Saved in:
| Main Author: | |
|---|---|
| Format: | Book Chapter |
| Language: | Slovak |
| Subjects: | |
| Tags: |
No Tags, Be the first to tag this record!
|
MARC
| LEADER | 00000naa a2200000 4500 | ||
|---|---|---|---|
| 001 | 0203861 | ||
| 005 | 20240502073414.7 | ||
| 041 | 0 | |a slo | |
| 044 | |a SK | ||
| 245 | 1 | 0 | |a [Operácie v zahraničnom obchode. Teória a prax] |c Kristína Drieniková |
| 520 | |a Recenzia na monografiu, ktorej cieľom je prezentácia problémov, ktorými musia exportéri a importéri čeliť v rámci zahraničnoobchodných operácií. | ||
| 610 | 2 | 0 | |a recenzie |
| 610 | 2 | 0 | |a hospodárstvo svetové |
| 610 | 2 | 0 | |a globalizácia |
| 610 | 2 | 0 | |a politika obchodná |
| 610 | 2 | 0 | |a obchod zahraničný |
| 100 | 1 | |a Drieniková, Kristína, 1982- | |